000 00369nam a2200157Ia 4500
008 230718s9999 xx 000 0 und d
041 _aeng
082 _bTRA
100 _aTracy B.
245 _aReak Performance Women
260 _c1999
_bJaico Pub. Hou.
300 _a123
365 _cRs.
_b35.00
700 _aTracy B.
906 _dB:335224-Feb-2000
_cOTH
_b5.25
999 _c300031
_d300031